| 000 | 01186cab a2200181 4500 | ||
|---|---|---|---|
| 001 | ##L132466 | ||
| 008 | 060210n2006 000 0 eng u | ||
| 035 | _a(Sirsi) u132466 | ||
| 041 | 0 | _aeng | |
| 100 | 1 | _aLawson, David | |
| 245 | 0 | 0 |
_aBack to basis _bsoftware |
| 260 | _c2006 | ||
| 490 | 0 |
_aProperty Week _v71(5) 3 February 2006, 129(1) |
|
| 520 | _aREITs have the potential to revolutionise the property market place in that it aims move away from traditional big landlords owned mainly by institutions to trusts, meaning even smaller investors can invest in. But, a potential ruinous flaw seems to have been overlooked in the shape of its software. These new bodies will require frequent valuations to determine share values. Transferring key data featured in property management systems, such as rent and lease lengths, may prove a continuous task of manual alteration. This is a problem given that property management systems stick to the original data, so that even when this can be easily transferred to valuation programs, changes are overwritten. | ||
| 590 | _aIKA140206 | ||
| 690 | _aPROPERTY-PROPERTY FINANCE AND INVESTMENT-REAL ESTATE INVESTMENT TRUSTS | ||
| 942 | _n0 | ||
| 999 |
_c76461 _d76461 |
||